00471pab a2200169 454500008004000000100002000040245005200060260000900112300001500121362000800136650003000144650003700174650002100211700001800232700002200250773002900272180718b2005 xxu||||| |||| 00| 0 eng d aRallings, Colin aTrends in local elections in Britain, 1975-2003 c2005 ap.393-413. aAug aElections - Great Britain aLocal government - Great Britain aLocal government aDenver, David aThrasher, Michael aLocal Government Studies